Größte Gemeinden im Innviertel - Statistiken

Allgemein
  • Dieses Quiz wurde 62 mal gespielt
  • Das Durchschnittsergebnis liegt bei 10 aus 20
Antwortstatistiken
Einwohner Bezirk Gemeinde % Korrekt
12.220 Ried im Innkreis Ried im Innkreis
100%
17.518 Braunau am Inn Braunau am Inn
98%
5.269 Schärding Schärding
98%
6.927 Braunau am Inn Mattighofen
85%
4.989 Braunau am Inn Altheim
73%
5.211 Schärding Andorf
70%
3.470 Ried im Innkreis Eberschwang
55%
3.276 Braunau am Inn Ostermiething
50%
3.097 Ried im Innkreis Aurolzmünster
48%
4.819 Braunau am Inn Lengau
43%
2.823 Braunau am Inn Lochen am See
40%
3.707 Braunau am Inn Helpfau-Uttendorf
38%
3.989 Braunau am Inn Schalchen
35%
3.138 Schärding St. Florian am Inn
33%
2.709 Braunau am Inn Burgkirchen
25%
3.099 Braunau am Inn Munderfing
23%
2.915 Schärding Taufkirchen an der Pram
23%
2.866 Schärding Esternberg
20%
3.264 Braunau am Inn Hochburg-Ach
20%
3.162 Braunau am Inn St. Pantaleon
20%
Keine übereinstimmenden Quizze gefunden
Verteilung der Resultate
Anzahl Personen mit jedem Resultat
Perzentil nach korrekt beantworteten Fragen
Ihre Resultats-Entwicklung
Sie haben dieses Quiz noch nicht gespielt